Bulding A New Millenium (Record no. 11647)

MARC details
000 -LEADER
fixed length control field 00389nam a2200157Ia 4500
008 - FIXED-LENGTH DATA ELEMENTS--GENERAL INFORMATION
fixed length control field 220803s9999 xx 000 0 und d
020 ## - INTERNATIONAL STANDARD BOOK NUMBER
International Standard Book Number 3-8228-6390-4
041 ## - LANGUAGE CODE
Language code of text/sound track or separate title eng
082 ## - DEWEY DECIMAL CLASSIFICATION NUMBER
Classification number 729 JOD
100 ## - MAIN ENTRY--PERSONAL NAME
Personal name Jodidio P
9 (RLIN) 16094
245 ## - TITLE STATEMENT
Title Bulding A New Millenium
260 ## - PUBLICATION, DISTRIBUTION, ETC. (IMPRINT)
Place of publication, distribution, etc. New York
Name of publisher, distributor, etc. Taschen
Date of publication, distribution, etc. 2000
300 ## - PHYSICAL DESCRIPTION
Extent 540p
500 ## - GENERAL NOTE
Keywords Architecture
650 ## - SUBJECT ADDED ENTRY--TOPICAL TERM
Topical term or geographic name as entry element Architectural Design
9 (RLIN) 16095
Holdings
Withdrawn status Lost status Damaged status Not for loan Collection code Home library Current library Shelving location Date acquired Vendor Cost, normal purchase price Full call number Barcode Date last seen Cost, replacement price Bill Date Koha item type Original Barcode
        Book of B Arch Dr. Bhanuben Nanavati College of Architecture Dr. Bhanuben Nanavati College of Architecture   30/12/2003 Super Book House 2546.00 729 JOD BNCA-BK-3815 03/08/2022 2995.00 30/12/2003 Reference book B003815